Nathaniel D. Hackett correspondence, (Record no. 44897)

MARC details
000 -LEADER
fixed length control field 02814cpcaa2200505 a 4500
001 - CONTROL NUMBER
control field mm2012085769
003 - CONTROL NUMBER IDENTIFIER
control field DLC
005 - DATE AND TIME OF LATEST TRANSACTION
control field 20260227111733.0
007 - PHYSICAL DESCRIPTION FIXED FIELD--GENERAL INFORMATION
fixed length control field cr |||||||||||
008 - FIXED-LENGTH DATA ELEMENTS--GENERAL INFORMATION
fixed length control field 121210|||||||||||| eng
010 ## - LIBRARY OF CONGRESS CONTROL NUMBER
LC control number mm2012085769
040 ## - CATALOGING SOURCE
Original cataloging agency DLC
Description conventions dacs
Transcribing agency DLC
Modifying agency DLC
072 #7 - SUBJECT CATEGORY CODE
Subject category code W
Source lcmd
100 1# - MAIN ENTRY--PERSONAL NAME
Personal name Hackett, Nathaniel D.
Fuller form of name (Nathaniel Davis),
Dates associated with a name 1839-1923.
245 00 - TITLE STATEMENT
Title Nathaniel D. Hackett correspondence,
Inclusive dates 1853-1947
Bulk dates (bulk 1861-1899).
300 ## - PHYSICAL DESCRIPTION
Extent 400
Type of unit items.
300 ## - PHYSICAL DESCRIPTION
Extent 4
Type of unit containers.
300 ## - PHYSICAL DESCRIPTION
Extent 1.4
Type of unit linear feet.
506 0# - RESTRICTIONS ON ACCESS NOTE
Terms governing access Open to research.
520 8# - SUMMARY, ETC.
Summary, etc. Chiefly correspondence received from family and friends at home during Hackett's Civil War service in Company M, 1st Wisconsin Heavy Artillery Regiment, describing daily life including news of family and friends, courtships, funerals, and illnesses as well as reactions to the war and historic events such as the assassination of President Abraham Lincoln. Hackett's correspondence depicts camp life and includes his impressions of Washington, D.C., in 1864. Includes correspondence of Hackett's daughters, Edith Hackett Cramer, Carrie Fern Hackett, and Millicent Hackett Maloney, chiefly from the 1890s. Pertains to home life, their work as public school teachers, and current events.
545 0# - BIOGRAPHICAL OR HISTORICAL DATA
Biographical or historical data Union Army soldier. Also known as Davis Hackett.
546 ## - LANGUAGE NOTE
Language note Collection material in English.
555 8# - CUMULATIVE INDEX/FINDING AIDS NOTE
Cumulative index/finding aids note Finding aid available in the Library of Congress Manuscript Reading Room and at
Uniform Resource Identifier <a href="http://hdl.loc.gov/loc.mss/eadmss.ms013031">http://hdl.loc.gov/loc.mss/eadmss.ms013031</a>
600 10 - SUBJECT ADDED ENTRY--PERSONAL NAME
Personal name Cramer, Edith Hackett,
Dates associated with a name 1874-1964
Form subdivision Correspondence.
600 10 - SUBJECT ADDED ENTRY--PERSONAL NAME
Personal name Hackett, Carrie Fern,
Dates associated with a name 1878-
Form subdivision Correspondence.
600 10 - SUBJECT ADDED ENTRY--PERSONAL NAME
Personal name Lincoln, Abraham,
Dates associated with a name 1809-1865
General subdivision Assassination.
600 10 - SUBJECT ADDED ENTRY--PERSONAL NAME
Personal name Maloney, Millicent Hackett,
Dates associated with a name 1870-1934
Form subdivision Correspondence.
600 30 - SUBJECT ADDED ENTRY--PERSONAL NAME
Personal name Hackett family.
610 10 - SUBJECT ADDED ENTRY--CORPORATE NAME
Corporate name or jurisdiction name as entry element United States.
Subordinate unit Army
General subdivision Military life.
610 10 - SUBJECT ADDED ENTRY--CORPORATE NAME
Corporate name or jurisdiction name as entry element United States.
Subordinate unit Army.
-- Wisconsin Heavy Artillery Regiment, 1st (1861-1865).
-- Company M.
650 #0 - SUBJECT ADDED ENTRY--TOPICAL TERM
Topical term or geographic name entry element Education
Geographic subdivision United States.
650 #0 - SUBJECT ADDED ENTRY--TOPICAL TERM
Topical term or geographic name entry element Public schools
Geographic subdivision United States.
651 #0 - SUBJECT ADDED ENTRY--GEOGRAPHIC NAME
Geographic name United States
General subdivision History
Chronological subdivision Civil War, 1861-1865.
651 #0 - SUBJECT ADDED ENTRY--GEOGRAPHIC NAME
Geographic name United States
General subdivision History
Chronological subdivision 1865-1921.
651 #0 - SUBJECT ADDED ENTRY--GEOGRAPHIC NAME
Geographic name United States
General subdivision Social life and customs.
651 #0 - SUBJECT ADDED ENTRY--GEOGRAPHIC NAME
Geographic name Washington (D.C.)
General subdivision History
Chronological subdivision Civil War, 1861-1865.
651 #0 - SUBJECT ADDED ENTRY--GEOGRAPHIC NAME
Geographic name Wisconsin
General subdivision History
Chronological subdivision Civil War, 1861-1865.
651 #0 - SUBJECT ADDED ENTRY--GEOGRAPHIC NAME
Geographic name Wisconsin
General subdivision History
Chronological subdivision 19th century.
651 #0 - SUBJECT ADDED ENTRY--GEOGRAPHIC NAME
Geographic name Wisconsin
General subdivision Social life and customs.
656 #7 - INDEX TERM--OCCUPATION
Occupation Soldiers.
Source of term itoamc
856 4# - ELECTRONIC LOCATION AND ACCESS
Materials specified Finding aid
Uniform Resource Identifier <a href="http://hdl.loc.gov/loc.mss/eadmss.ms013031">http://hdl.loc.gov/loc.mss/eadmss.ms013031</a>
856 4# - ELECTRONIC LOCATION AND ACCESS
Materials specified Finding aid (PDF)
Uniform Resource Identifier <a href="http://hdl.loc.gov/loc.mss/eadmss.ms013031.3">http://hdl.loc.gov/loc.mss/eadmss.ms013031.3</a>

No items available.

Powered by Koha